<?xml version="1.0" encoding="UTF-8"?>
<record
    xmlns:xsi="http://www.w3.org/2001/XMLSchema-instance"
    xsi:schemaLocation="http://www.loc.gov/MARC21/slim http://www.loc.gov/standards/marcxml/schema/MARC21slim.xsd"
    xmlns="http://www.loc.gov/MARC21/slim">

  <leader>06044nam a2200409 a 4500</leader>
  <controlfield tag="003">CHAP</controlfield>
  <controlfield tag="005">20240531125245.0</controlfield>
  <controlfield tag="007">ta</controlfield>
  <controlfield tag="008">230829s2021    mx adbofom||| 001 0 spa d</controlfield>
  <datafield tag="040" ind1=" " ind2=" ">
    <subfield code="e">rda</subfield>
  </datafield>
  <datafield tag="041" ind1=" " ind2=" ">
    <subfield code="a">spa</subfield>
    <subfield code="b">eng</subfield>
  </datafield>
  <datafield tag="100" ind1="1" ind2=" ">
    <subfield code="9">187810</subfield>
    <subfield code="a">Robles Valderrama, Nicol&#xE1;s Rafael Francisco</subfield>
  </datafield>
  <datafield tag="245" ind1="1" ind2="0">
    <subfield code="a">Da&#xF1;o por fr&#xED;o y vida de anaquel del aguacate criollo refrigerado / </subfield>
    <subfield code="c">Nicol&#xE1;s Rafael Francisco Robles Valderrama</subfield>
  </datafield>
  <datafield tag="264" ind1=" " ind2=" ">
    <subfield code="a">Chapingo, M&#xE9;xico :</subfield>
    <subfield code="b">El autor,</subfield>
    <subfield code="c">2021</subfield>
  </datafield>
  <datafield tag="300" ind1=" " ind2=" ">
    <subfield code="a">1 recurso en l&#xED;nea (xiii, 80 p&#xE1;ginas) :</subfield>
    <subfield code="b">ilustraciones, tablas, gr&#xE1;ficas, mapas, fotos</subfield>
  </datafield>
  <datafield tag="336" ind1=" " ind2=" ">
    <subfield code="2">rdacontent</subfield>
    <subfield code="a">texto</subfield>
    <subfield code="b">txt</subfield>
  </datafield>
  <datafield tag="337" ind1=" " ind2=" ">
    <subfield code="2">rdamedia</subfield>
    <subfield code="a">computadora</subfield>
    <subfield code="b">c</subfield>
  </datafield>
  <datafield tag="338" ind1=" " ind2=" ">
    <subfield code="2">rdacarrier</subfield>
    <subfield code="a">recurso en l&#xED;nea</subfield>
    <subfield code="b">cr</subfield>
  </datafield>
  <datafield tag="502" ind1=" " ind2=" ">
    <subfield code="a">Tesis</subfield>
    <subfield code="b">MCTA</subfield>
    <subfield code="c">Agroindustrias</subfield>
    <subfield code="d">2021</subfield>
    <subfield code="g">MAE</subfield>
  </datafield>
  <datafield tag="504" ind1=" " ind2=" ">
    <subfield code="a">Incluye bibliograf&#xED;as</subfield>
  </datafield>
  <datafield tag="520" ind1="3" ind2=" ">
    <subfield code="a">Los aguacates criollos de raza mexicana (Persea americana var. Drymifolia) son frutos originarios de Mesoam&#xE9;rica, por lo cual son caracter&#xED;sticos de zonas con climas tropicales y subtropicales. Estos frutos presentan un mayor potencial nutrac&#xE9;utico en comparaci&#xF3;n con el cv. &#x2018;Hass&#x2019; que es el cultivar m&#xE1;s comercial actualmente, lo cual podr&#xED;a generar un gran inter&#xE9;s en mercados sofisticados y muy exigentes de pa&#xED;ses con alto poder adquisitivo. Sin embargo, la vida de anaquel de estos aguacates es muy corta, por lo cual va a ser muy necesario prolongarla al m&#xE1;ximo mediante la principal t&#xE9;cnica postcosecha que es la frigoconservaci&#xF3;n, cuya principal limitante son los da&#xF1;os por fr&#xED;o (DF) que presentan algunos frutos, como es el caso de estos aguacates. Con el prop&#xF3;sito de avanzar en el manejo poscosecha de estos frutos, el objetivo del presente estudio fue medir un conjunto de variables fisiol&#xF3;gicas, f&#xED;sicas, fisicoqu&#xED;micas y bioqu&#xED;micas, y determinar el grado de correlaci&#xF3;n que tiene cada una con los da&#xF1;os por fr&#xED;o. Los aguacates se almacenaron durante 2, 5 y 10 d a 3 y 6 &#xB1; 1 &#xB0;C, adem&#xE1;s de un tratamiento Testigo a temperatura ambiente; posterior a su almacenamiento los frutos se mantuvieron a temperatura ambiente hasta alcanzar su madurez de consumo, momento en el cual se midieron las diferentes variables. La evaluaci&#xF3;n visual de los DF se midi&#xF3; a trav&#xE9;s de una escala hed&#xF3;nica de cinco puntos, la medici&#xF3;n se realiz&#xF3; en la pulpa tras un corte longitudinal a los frutos. En muestras de los frutos se determin&#xF3; p&#xE9;rdida de peso, tasa de respiraci&#xF3;n, producci&#xF3;n de etileno, Luminosidad (L*), &#xE1;ngulo de tono (Hue), Chroma, firmeza, fuga de electrolitos, actividad enzim&#xE1;tica de super&#xF3;xido dismutasa (SOD), glutati&#xF3;n reductasa (GR), alcohol deshidrogenasa (ADH) y piruvato descarboxilasa (PDC). De estas variables, la p&#xE9;rdida de peso (%PP), el patr&#xF3;n de respiraci&#xF3;n y la producci&#xF3;n de etileno al alcanzar la madurez de consumo, la firmeza y la actividad enzim&#xE1;tica de SOD, GR, PDC y ADH tuvieron una correlaci&#xF3;n significativa con los DF (rs = 0.622, -0.331, -0.388, -0.429, 0.758, 0.439, 0.457 y -0.362) y pueden ser propuestos como herramientas confiables para medir DF en aguacates criollos de raza mexicana.</subfield>
  </datafield>
  <datafield tag="520" ind1="3" ind2=" ">
    <subfield code="a">Criollo avocados of Mexican breed (Persea americana var. Drymifolia) are fruits originated in Mesoamerica, whereby they are characteristic of areas with tropical and subtropical climates. These fruits have a higher nutraceutical potential compared with cv. &#x2018;Hass&#x2019;, which actually is the most commercial cultivar; this characteristic might generate a big interest in sophisticated and very demanding markets in countries with high purchasing power. However, the shelf life of these avocados is very short, so it will be necessary to extend it to the maximum through the main postharvest technique that is the refrigeration, which main problems are the chilling injuries (CI) that some fruits suffer, as is the case of the criollo avocados. In order of moving forward in the postharvest management of these fruits, the objective of this study was to measure a set of physiological, physical, physical-chemical and biochemical variables, and to determine the correlation degree between each one and the CI. The avocados were stored during 2, 5 y 10 d at 3 y 6 &#xB1; 1 &#xB0;C, plus a control treatment at room temperature; after the storage, the fruits were kept at room temperature until they achieve their consumption maturity, and then the different variables were measured. The visual evaluation of the CI was measured through a five points hedonic scale, the measurement was conducted in the pulp after a longitudinal cut to the fruits. Weight loss, respiration rate, ethylene production, Lightness (L*), Hue, Chroma, firmness, electrolyte leakage, Superoxide dismutase activity (SOD), glutathione reductase activity (GR), alcohol dehydrogenase activity (ADH) and pyruvate decarboxylase activity (PDC) were analyzed in fruit samples. Of these variables, weight loss, respiration rate and ethylene production at commercial ripening stage, firmness and the SOD,  GR, PDC and ADH activities had a significant correlation with CI (DF (rs = 0.622, -0.331, -0.388,  0.429, 0.758, 0.439, 0.457 y -0.362) and can be proposed as trustable tools to measure the CI in criollo avocados of Mexican breed.</subfield>
  </datafield>
  <datafield tag="650" ind1="1" ind2="3">
    <subfield code="9">147653</subfield>
    <subfield code="a">Persea americana</subfield>
  </datafield>
  <datafield tag="650" ind1="1" ind2="3">
    <subfield code="9">2490</subfield>
    <subfield code="a">Aguacate</subfield>
    <subfield code="x">Propiedades fisicoqu&#xED;micas</subfield>
  </datafield>
  <datafield tag="650" ind1="1" ind2="3">
    <subfield code="9">2490</subfield>
    <subfield code="a">Aguacate</subfield>
    <subfield code="x">Tiempo de vida</subfield>
  </datafield>
  <datafield tag="650" ind1="1" ind2="3">
    <subfield code="9">2490</subfield>
    <subfield code="a">Aguacate</subfield>
    <subfield code="x">Lesi&#xF3;n por fr&#xED;o</subfield>
  </datafield>
  <datafield tag="650" ind1="1" ind2="3">
    <subfield code="9">2490</subfield>
    <subfield code="a">Aguacate</subfield>
    <subfield code="x">Lesi&#xF3;n por congelaci&#xF3;n</subfield>
  </datafield>
  <datafield tag="650" ind1="1" ind2="3">
    <subfield code="9">148887</subfield>
    <subfield code="a">Avocados  </subfield>
    <subfield code="x">Physicochemical properties</subfield>
  </datafield>
  <datafield tag="650" ind1="1" ind2="3">
    <subfield code="9">148887</subfield>
    <subfield code="a">Avocados  </subfield>
    <subfield code="x">Shelf life</subfield>
  </datafield>
  <datafield tag="650" ind1="1" ind2="3">
    <subfield code="9">148887</subfield>
    <subfield code="a">Avocados  </subfield>
    <subfield code="x">Cold injury</subfield>
  </datafield>
  <datafield tag="650" ind1="1" ind2="3">
    <subfield code="9">148887</subfield>
    <subfield code="a">Avocados  </subfield>
    <subfield code="x">Frostbite</subfield>
  </datafield>
  <datafield tag="700" ind1="1" ind2=" ">
    <subfield code="9">148339</subfield>
    <subfield code="a">Corrales Garc&#xED;a, Jos&#xE9; Joel Enrique</subfield>
    <subfield code="e">director</subfield>
  </datafield>
  <datafield tag="700" ind1="1" ind2=" ">
    <subfield code="9">155079</subfield>
    <subfield code="a">Colinas Le&#xF3;n, Mar&#xED;a Teresa Beryl</subfield>
    <subfield code="e">asesora</subfield>
  </datafield>
  <datafield tag="700" ind1="1" ind2=" ">
    <subfield code="9">163649</subfield>
    <subfield code="a">Ybarra Moncada, Ma. Carmen</subfield>
    <subfield code="e">asesora</subfield>
  </datafield>
  <datafield tag="856" ind1="4" ind2="0">
    <subfield code="u">http://10.13.5.2/tesis/tm/1912745-7_NICOLAS_RAFAEL_FRANCISCO_ROBLES_VALDERRAMA.pdf</subfield>
    <subfield code="z">DESCARGAR PDF</subfield>
  </datafield>
  <datafield tag="942" ind1=" " ind2=" ">
    <subfield code="2">Clasificaci&#xF3;n Universidad Aut&#xF3;noma Chapingo</subfield>
    <subfield code="c">TD</subfield>
  </datafield>
  <datafield tag="999" ind1=" " ind2=" ">
    <subfield code="c">219122</subfield>
    <subfield code="d">219122</subfield>
  </datafield>
  <datafield tag="952" ind1=" " ind2=" ">
    <subfield code="0">0</subfield>
    <subfield code="1">0</subfield>
    <subfield code="2">local</subfield>
    <subfield code="4">0</subfield>
    <subfield code="7">0</subfield>
    <subfield code="8">TesDigM</subfield>
    <subfield code="a">IA_</subfield>
    <subfield code="b">IA_</subfield>
    <subfield code="c">E_L</subfield>
    <subfield code="d">2023-08-29</subfield>
    <subfield code="e">El autor</subfield>
    <subfield code="l">0</subfield>
    <subfield code="p">1201013757</subfield>
    <subfield code="r">2023-08-29 00:00:00</subfield>
    <subfield code="w">2023-08-29</subfield>
    <subfield code="y">TD</subfield>
  </datafield>
  <datafield tag="952" ind1=" " ind2=" ">
    <subfield code="0">0</subfield>
    <subfield code="1">0</subfield>
    <subfield code="2">local</subfield>
    <subfield code="4">0</subfield>
    <subfield code="5">1</subfield>
    <subfield code="7">0</subfield>
    <subfield code="8">TesDigM</subfield>
    <subfield code="a">BD</subfield>
    <subfield code="b">BD</subfield>
    <subfield code="c">E_L</subfield>
    <subfield code="d">2024-04-16</subfield>
    <subfield code="e">El autor</subfield>
    <subfield code="l">0</subfield>
    <subfield code="o">Tesis digital</subfield>
    <subfield code="p">1301013757</subfield>
    <subfield code="r">2024-04-16 00:00:00</subfield>
    <subfield code="w">2024-04-16</subfield>
    <subfield code="y">TD</subfield>
  </datafield>
</record>
